|
|
|
|
| LEADER |
00000nab a2200000 a 4500 |
| 001 |
vtls009172840 |
| 003 |
SK-MaSNL |
| 005 |
20260304152541.0 |
| 008 |
250506c1946 xo |r|p||||||||00 b|slo |
| 015 |
|
|
|a SNBRB2008/01
|2 snkbucl
|
| 035 |
|
|
|a (uuid)c3d99698-48f8-41cd-8f0c-c95df8ca0176
|
| 035 |
|
|
|a urn:nbn:sk:snk-abc2ov
|
| 035 |
|
|
|a (urnnbn)urn:nbn:sk:snk:ar-002se8
|
| 038 |
|
|
|a SNKBUCL
|
| 040 |
|
|
|a SNKBUCL
|b slo
|c SNKBUCL
|e AACR2
|
| 041 |
0 |
|
|a slo
|
| 044 |
|
|
|a xo
|c SK
|
| 080 |
|
|
|a 821.162.4-1
|2 2001
|
| 245 |
0 |
0 |
|a Janko Jesenský: Proti noci
|c [autor] D.R.
|
| 650 |
0 |
7 |
|a slovenská poézia
|2 snkbucl
|9 215422
|
| 650 |
0 |
7 |
|a básnické zbierky
|2 snkbucl
|9 131165
|
| 655 |
|
7 |
|a recenzie
|2 snkbucl
|9 21907
|
| 773 |
0 |
|
|t Slovenská reč
|g Roč. XII, č. 3-4 (1946), s. 128-129
|
| 787 |
0 |
8 |
|i Rec.:
|a Jesenský, Janko, 1874-1945
|t Proti noci
|d Liptovský Sv. Mikuláš : Tranoscius, 1945
|
| 850 |
|
|
|a Slovenská národná knižnica
|
| 852 |
|
|
|a Slovenská národná knižnica
|
| 954 |
|
|
|a odborná, vedecká literatúra pôvodná (slovenská)
|2 lita
|
| 958 |
|
|
|a article15
|
| 958 |
|
|
|a OND
|
| 958 |
|
|
|a LX
|
| 958 |
|
|
|a RC
|
| 958 |
|
|
|a EUIPO
|
| 999 |
|
|
|c 2949701
|d 2951631
|